=LDR 00000nam 2200000 4500 =001 INLIS000000000026176 =990 ##$$a 00052794 =005 20151107113529.0 =990 ##$$a 0001/BPAP-NTB/2015 =006 =007 =008 Ind =035 ##$$0010-061300000026176 =041 ##$$a Ind =082 ##$$a 028.5 =090 ##$$a 028.5, Wah l =100 ##$$a Wahidin, Nur =245 ##$$a Kisah nabi Muhammad SAW, leluhur rasulullah, Nur Wahidin =260 ##$$a 2000 $b Bandung =300 ##$$a 143 hlm, ilus, 21 cm =650 ##$$a Bacaan anak-anak =850 ##$$a NBPNMAT